LEADER 01761nam2 22002893i 450 001 SUN0090971 005 20180427024102.65 010 $d0.00 100 $a20120918d1833 |0itac50 ba 101 $aita 102 $aIT 105 $a|||| ||||| 200 1 $a<> 13$fG. B. M. Toullier 205 $a2. ed. napoletana con nuova versione fatta sull'ultima ed. di Parigi per cura di Francescopaolo Del Re 210 $aNapoli$cTipografia nella Pietà de' Turchini$d1833 215 $a368 p.$d22 cm 461 1$1001SUN0116178$12001 $aIl *dritto civile francese secondo l'ordine del codice : opera nella quale si è procurato di unire la teoria alla pratica di G. B. M. Toullier ... $v13$1205 $aSeconda edizione napoletana con nuova versione fatta sull'ultima edizione di Parigi per cura di Francesco Paolo del Re$1210 $aNapoli$cTipografia nella Pietà de' Turchini, strada Medina num. 17$c[poi] dalla Stamperia dell'Iride$d1830-1844$1215 $a21 volumi$d8° 620 $dNapoli$3SUNL000005 700 1$aToullier$b, Charles Bonaventure Marie$3SUNV073768$0228538 702 1$aDel Re$b, Francescopaolo$3SUNV073769 712 02$aTipografia nella Pieta de' Turchini$3SUNV075226 801 $aIT$bSOL$c20181109$gRICA 912 $aSUN0090971 950 $aUFFICIO DI BIBLIOTECA DEL DIPARTIMENTO DI GIURISPRUDENZA$d00 CONS BL.800.17 13 $e00 BL 2370 995 $aUFFICIO DI BIBLIOTECA DEL DIPARTIMENTO DI GIURISPRUDENZA$gBL$h2370$kCONS BL.800.17 13$oc$qa 996 $aDritto civile francese secondo l'ordine del codice$91520675 997 $aUNICAMPANIA LEADER 01032nas 22003253a 450 001 996199307303316 005 20240413023721.0 035 $a(CKB)110978984250054 035 $a(CONSER) 94648673 035 $a(MiAaPQ)30348 035 $a(EXLCZ)99110978984250054 100 $a19940329a19uu9999 uy a 101 0 $aeng 181 $ctxt$2rdacontent 182 $cc$2rdamedia 183 $acr$2rdacarrier 200 00$aGlobal telecoms business 210 $aLondon $cEuromoney Publications 215 $a1 online resource 311 08$aPrint version: Global telecoms business. 0969-7500 (DLC) 94648673 (OCoLC)30050549 606 $aTelecommunication$xInternational cooperation$vPeriodicals 606 $aCommunication and traffic$vPeriodicals 615 0$aTelecommunication$xInternational cooperation 615 0$aCommunication and traffic 676 $a384/.05 906 $aJOURNAL 912 $a996199307303316 920 $aexl_impl conversion 996 $aGlobal telecoms business$92171428 997 $aUNISA